Yo pienso y aprendo: texto de lectura y escritura, desarrollo de lenguaje y pensamiento, primer año básico y reeducación

Gespeichert in:
Bibliographische Detailangaben
Hauptverfasser: Rioseco Izquierdo, Rosita (VerfasserIn), Ziliani Cárcamo, Mónica (VerfasserIn)
Format: Buch
Sprache:Spanisch
Veröffentlicht: Santiago Andrés Bello 1996
Schlagworte:
Tags: Tag hinzufügen
Keine Tags, Fügen Sie den ersten Tag hinzu!

MARC

LEADER 00000nam a2200000 a 4500
001 UCO8421
003 CL-VaPUC
008 001207e19960000CL |||||||||||||||||spa|d
082 0 4 |a 372.6  |b RIO  |2 21 
100 0 |a Rioseco Izquierdo, Rosita  |e author  |9 453355 
700 0 |a Ziliani Cárcamo, Mónica  |e author  |9 453356 
245 1 0 |a Yo pienso y aprendo: texto de lectura y escritura, desarrollo de lenguaje y pensamiento, primer año básico y reeducación 
300 |a v 
942 |c BK 
945 |d 20001207 00:00:00  |a vberengu 
260 |a Santiago  |b Andrés Bello  |c 1996 
650 0 |a Enseñanza de la escritura  |9 307377 
650 0 |a Enseñanza de la lectura  |9 308364 
650 0 |a Libros de texto  |9 270019 
650 7 |a LIBROS DE LECTURA  |2 CL-VaPUC  |9 309008 
650 0 |a Educación básica   |9 224933 
583 |a last modification  |c 20001207 00:00:00  |k Rodrigo Vera 
999 |c 293081  |d 293079 
952 |0 0  |1 0  |4 0  |6 372_600000000000000_RIO_1996  |7 0  |8 P  |9 344259  |a BIBEDU  |b BIBEDU  |c BIBEDU_PB  |d 2019-11-20  |h v.1  |i 3674452  |o 372.6 RIO 1996  |p 3674452  |r 2024-01-25  |w 2019-11-20  |y BK  |k BME